000 01330nam a22002777a 4500
001 9367
003 FISKH
005 20260313091238.0
008 251212b cb ||||| |||| 00| 0 eng d
020 _a9780194644372
040 _aFISKH
_beng
_cFISKH
_dFISKH
050 _aPE1126.A4 Q4565
082 _a621.8
100 _aQuinn, Robert
_eAuthor
245 _aMachines then and now /
_cRobert Quinn
260 _aNew York :
_bOxford University Press ,
_c2010
300 _a48 pages :
_bphotographs ;
_c21 cm
490 _aOxford read and discover :
_vLevel 4
505 _aR
520 _aThis exciting new series of non-fiction readers provides interesting and educational content, with activities and project work. The readers are graded at four levels, from 3 to 6, suitable for students from age 8 and older. They can support Content and Language Integrated Learning (CLIL), and cover a broad range of topics, within three curriculum areas: The World of Science and Technology. The Natural World The World of Arts and Social Studies Also available for each reader: Activity Book Audio CD Pack (Reader and Audio CD)Teacher's Notes and CLIL guidance at www.oup.com/elt/readanddiscover
521 8 _a680
_bLexile
521 8 _aR
_bRaz-Plus
650 _aDiscover
_vMachines
942 _2ddc
_cBK
_n0
999 _c9367
_d9367